| 000 | 00437nam a2200169Ia 4500 | ||
|---|---|---|---|
| 003 | OSt | ||
| 005 | 20260309095318.0 | ||
| 008 | 211028s2010 xx 000 0 und d | ||
| 040 | _cAIMIT LIBRARY | ||
| 041 | _aeng | ||
| 100 |
_aMathew, Yamuna; B S Nausheeda. _g71782 _93331 |
||
| 110 |
_aSharon Dsouza. _93332 |
||
| 245 | _aEngineering whiteboard / | ||
| 260 |
_aErnakulam _c2010 |
||
| 710 |
_aKivis Software _93333 |
||
| 942 |
_2ddc _cPRO |
||
| 999 |
_c217196 _d217196 |
||